000 00392cam a2200157ua 4500
041 _aeng
_h
082 _a547.7
_bSTE/EX
100 _aSteiner, Robert F .
245 _aExcited states of biopolymers /
_cRobert F Steiner.
_hTextual Documents
250 _a1 /
_b.
260 _aNew York :
_bPlanum Press ,
_c1983.
300 _a258 ; .
504 _a
942 _cBK
999 _c9552
_d9552